000
00232nam a22001097a 4500
003
SGT
100
_a
JAIN, M. L.
245
_a
STATICS (BA/ B.Sc.2 SEM-3
260
_a
NEW DELHI
_b
JEEVANSONS
_c
2016
300
_a
V. P.
942
_2
ddc
_c
FPS
999
_c
10088
_d
10088